[Event "54. Miedzynarodowy Festiwal Szachowy im. Akiby Rubinsteina<br/>OPEN A "]
[Site "Polanica-Zdroj"]
[Date "1899-12-30"]
[Round "9.12"]
[White "Sanz Wawer, Daniel"]
[Black "Betkowski, Andrzej"]
[Result "1/2-1/2"]
[WhiteTitle "k"]
[BlackTitle "k"]
[WhiteElo "2180"]
[BlackElo "2041"]

1. d4 e6 2. c4 b6 3. Nc3 Bb7 4. Nf3 Bb4 5. Qc2 f5 6. a3 Bxc3+ 7. Qxc3 Nf6 8. g3
O-O 9. Bg2 Qe7 10. O-O d6 11. b4 c5 12. Bg5 Nbd7 13. bxc5 dxc5 14. Rfd1 cxd4 15.
Qxd4 Nc5 16. Qb2 Rad8 17. Bf4 Rxd1+ 18. Rxd1 Rd8 19. Rxd8+ Qxd8 20. Nd2 Nfe4 21.
Nxe4 Qd1+ 22. Bf1 Bxe4 23. Qe5 Qd7 24. Qb8+ Kf7 25. h4 h5 26. Qh8 Kg6 27. Be5
Qe7 28. f3 Nd7 29. Bd4 Bc6 30. g4 fxg4 31. fxg4 Nf6 32. gxh5+ Nxh5 33. Qg8 Qd6
34. Bf2 Nf6 35. h5+ Nxh5 36. e3 Nf6 37. Qh8 Nh7 38. e4 Qf4 39. Bg2 Nf6 40. Qh3
Bxe4 41. Qxe6 Bxg2 42. Kxg2 Qe4+ 43. Qxe4+ Nxe4 44. Bd4 Kf7 45. Kh3 g5 46. Kg4
Kg6 47. Be3 Nf6+ 48. Kf3 Kf5 49. c5 Nd5 50. cxb6 axb6 51. Bd4 g4+ 52. Kg3 b5 53.
Ba7 Nc3 54. Bb8 Ne4+ 55. Kg2 Ke6 56. Bf4 Kd5 57. Bh6 Kc4 58. Bf8 Kb3 59. Be7 Nd2
60. Kg3 Nc4 61. Kxg4 Nxa3 62. Kf3 Nc2 63. Ke4 1/2-1/2

[Event "54. Miedzynarodowy Festiwal Szachowy im. Akiby Rubinsteina<br/>OPEN A "]
[Site "Polanica-Zdroj"]
[Date "1899-12-30"]
[Round "9.14"]
[White "Zaleski, Lukasz"]
[Black "Bilczewski, Kacper"]
[Result "0-1"]
[WhiteTitle "k"]
[BlackTitle "k+"]
[WhiteElo "2164"]
[BlackElo "2089"]

1. e4 d6 2. d4 Nf6 3. Nc3 e5 4. Nge2 Be7 5. h3 c6 6. g4 b5 7. a3 a5 8. Bg2 Nbd7
9. Ng3 Nb6 10. O-O O-O 11. f4 Qc7 12. g5 Ne8 13. f5 f6 14. g6 h6 15. Nh5 Ba6 16.
Re1 b4 17. axb4 axb4 18. Ne2 Bxe2 19. Qxe2 Rxa1 20. Qe3 Bd8 21. Qb3+ Kh8 22. Qxb4
c5 23. Qc3 cxd4 0-1

[Event "54. Miedzynarodowy Festiwal Szachowy im. Akiby Rubinsteina<br/>OPEN A "]
[Site "Polanica-Zdroj"]
[Date "1899-12-30"]
[Round "9.16"]
[White "Adamczewski, Maciej"]
[Black "Piliczewski, Bogusz"]
[Result "1/2-1/2"]
[WhiteTitle "k"]
[BlackTitle "I+"]
[WhiteElo "2061"]
[BlackElo "2112"]

1. d4 d5 2. c4 c6 3. Nc3 Nf6 4. Nf3 e6 5. g3 Nbd7 6. Bg2 Be7 7. O-O dxc4 8. a4
O-O 9. Nd2 e5 10. Nxc4 exd4 11. Qxd4 Nc5 12. Qxd8 Rxd8 13. Bf4 Be6 14. Nd2 Rd7
15. b4 Nb3 16. Nxb3 Bxb3 17. Rab1 Bc2 18. Rb2 Bf5 19. b5 Nd5 20. bxc6 bxc6 21.
Nxd5 cxd5 22. Rd1 Rad8 23. Rbd2 Be6 24. Be5 Bb4 25. Rd3 f6 26. Bc3 a5 27. Bxb4
axb4 28. Rb3 Rb8 29. Rd4 Rc7 30. Bxd5 Bxd5 31. Rxd5 Rc1+ 32. Kg2 Ra1 33. Rb5 Ra8
34. R3xb4 R1xa4 35. Rxa4 Rxa4 36. Rb7 Ra2 37. Kf3 Kf8 38. h4 h5 39. e4 g6 40.
Ke3 Ra1 41. Kf4 Ra2 42. f3 Ra3 43. g4 hxg4 44. Kxg4 Ra5 45. Rd7 f5+ 46. Kf4 fxe4
47. fxe4 Rh5 48. e5 Rxh4+ 49. Kg5 Rh5+ 50. Kf6 Rf5+ 51. Ke6 Rf1 52. Rd4 Kg7 53.
Rd7+ Kh6 54. Rf7 Ra1 55. Kf6 Rf1+ 56. Ke7 Re1 57. e6 g5 58. Rf2 Kg6 59. Kd7 g4
60. e7 Rd1+ 61. Kc8 Re1 62. Kd8 Rd1+ 63. Ke8 Re1 64. Kf8 Kg5 65. e8=Q Rxe8+ 66.
Kxe8 g3 67. Rf8 Kg4 68. Kf7 g2 69. Kf6 Kf3 70. Ke5+ Ke3 71. Rg8 Kf2 72. Kf4 g1=Q
73. Rxg1 Kxg1 1/2-1/2

[Event "54. Miedzynarodowy Festiwal Szachowy im. Akiby Rubinsteina<br/>OPEN A "]
[Site "Polanica-Zdroj"]
[Date "1899-12-30"]
[Round "9.17"]
[White "Bielinski, Dariusz"]
[Black "Maciejewski, Kamil"]
[Result "1/2-1/2"]
[WhiteTitle "k+"]
[BlackTitle "I"]
[WhiteElo "2100"]
[BlackElo "1886"]

1. Nf3 Nf6 2. c4 e6 3. e3 b6 4. b3 g6 5. Bb2 Bg7 6. Nc3 Bb7 7. d4 O-O 8. Bd3 d5
9. O-O Ne4 10. cxd5 exd5 11. Qc2 Re8 12. b4 Nd7 13. b5 Rc8 14. a4 c5 15. bxc6
Bxc6 16. Qb3 Nxc3 17. Bxc3 Nf6 18. Rfb1 Ne4 19. Bb4 Qd7 20. a5 b5 21. a6 Rb8 22.
Rc1 Nd6 23. Bxd6 Qxd6 24. Rc5 Rb6 25. Rac1 Qd7 26. Qc2 Re6 27. Qa2 f6 28. Nd2
Bf8 29. Nb3 Bxc5 30. Nxc5 Qd6 31. Nxe6 Qxe6 32. Rc5 1/2-1/2

[Event "54. Miedzynarodowy Festiwal Szachowy im. Akiby Rubinsteina<br/>OPEN A "]
[Site "Polanica-Zdroj"]
[Date "1899-12-30"]
[Round "9.18"]
[White "Vanduyfhuys, Daria"]
[Black "Domanski, Lukasz"]
[Result "1/2-1/2"]
[WhiteTitle "WCM"]
[BlackTitle "k"]
[WhiteElo "1878"]
[BlackElo "2094"]

1. d4 e6 2. e4 c5 3. d5 exd5 4. exd5 d6 5. Nf3 Nf6 6. c4 Be7 7. Nc3 Nbd7 8. h3
Nf8 9. Bd3 Ng6 10. O-O O-O 11. Qc2 Bd7 12. Bd2 Nh5 13. Ne2 Qc8 14. Kh2 Re8 15.
Rfe1 Bf6 16. Ng3 Nxg3 17. Kxg3 b5 18. Rxe8+ Qxe8 19. Re1 Qd8 20. Kh2 bxc4 21.
Bxc4 Ne5 22. Nxe5 Bxe5+ 23. f4 Bd4 24. g3 Qc8 25. Bf1 Bf5 26. Qc1 Qb7 27. Bc3
Rb8 28. Bg2 h5 29. b3 Qb5 30. Qd2 Bxc3 31. Qxc3 a5 32. Be4 Bxe4 33. Rxe4 a4 34.
Re3 Qf1 35. Qc2 axb3 36. axb3 Ra8 37. Qe2 Qxe2+ 38. Rxe2 Rb8 39. Re3 Kf8 40. Kg2
Rb4 41. Kf3 Rd4 42. g4 hxg4+ 43. hxg4 Rxd5 44. f5 f6 45. Re6 Kf7 46. Kf4 Rd3 47.
Ke4 Rd4+ 48. Kf3 Kg8 49. Re8+ Kh7 50. Rd8 g6 51. Rd7+ Kh6 52. Rf7 Kg5 53. Rg7
Rf4+ 54. Ke2 Rxg4 55. fxg6 Kf5 56. Rd7 Rxg6 57. Rxd6 Ke4 58. Kf2 Ke5 59. Rd8 f5
60. Kf3 Rd6 61. Re8+ Kd4 62. Re1 Kc3 63. Rc1+ Kb4 64. Rc4+ Kb5 65. Rc3 Rd5 66.
Kf4 Kb4 67. Rf3 Ka3 68. Kg5 Kb4 69. Kf6 f4 70. Ke6 Rd4 71. Ke5 Ka3 72. Rc3 Kb4
73. Rf3 Kb5 74. Kf5 Kc6 75. Rxf4 Rxf4+ 76. Kxf4 Kb5 77. Ke4 Kb4 78. Kd5 Kxb3 79.
Kxc5 1/2-1/2

[Event "54. Miedzynarodowy Festiwal Szachowy im. Akiby Rubinsteina<br/>OPEN A "]
[Site "Polanica-Zdroj"]
[Date "1899-12-30"]
[Round "9.19"]
[White "Kawalko, Adam"]
[Black "Mazalon, Mariusz"]
[Result "0-1"]
[WhiteTitle "I"]
[BlackTitle "k"]
[WhiteElo "1869"]
[BlackElo "2055"]

1. e4 c5 2. Nf3 a6 3. c3 g6 4. d4 cxd4 5. cxd4 d5 6. e5 Bg7 7. Bd3 Nc6 8. Nc3 Bg4
9. Be3 f6 10. exf6 Nxf6 11. O-O O-O 12. Be2 Bxf3 13. Bxf3 b5 14. Re1 Qd7 15. Bg5
e6 16. Qd2 Rae8 17. Re2 Kh8 18. Rae1 Ng8 19. Be3 Nge7 20. Bg4 Nf5 21. Bxf5 gxf5
22. a4 b4 23. Na2 f4 24. Bxf4 Nxd4 25. Nxb4 Nxe2+ 26. Rxe2 Rxf4 27. Qxf4 Qxa4
28. g3 Qd1+ 0-1

[Event "54. Miedzynarodowy Festiwal Szachowy im. Akiby Rubinsteina<br/>OPEN A "]
[Site "Polanica-Zdroj"]
[Date "1899-12-30"]
[Round "9.20"]
[White "Jankowiak, Tomasz"]
[Black "Kucharski, Bartlomiej"]
[Result "1-0"]
[WhiteTitle "k"]
[BlackTitle "I+"]
[WhiteElo "2117"]
[BlackElo "1938"]

1. e4 d5 2. exd5 Nf6 3. d4 Nxd5 4. Nf3 g6 5. Be2 Bg7 6. O-O O-O 7. c4 Nb6 8. Nc3
Bg4 9. Be3 Nc6 10. d5 Bxf3 11. Bxf3 Ne5 12. c5 Nbc4 13. Be2 c6 14. Bc1 cxd5 15.
Qxd5 Na5 16. b4 Nac6 17. Rb1 a6 18. Be3 Qc7 19. Qb3 e6 20. a4 Rfd8 21. Rfd1 Ne7
22. g4 Qc6 23. b5 axb5 24. axb5 Qc7 25. h3 Nd7 26. Qb4 Bxc3 27. Qxc3 Nd5 28. Rxd5
exd5 29. Bd4 Nf8 30. Be5 Qc8 31. b6 Ne6 32. c6 Qxc6 33. Qxc6 bxc6 34. b7 Rab8
35. Rb6 Nc5 36. Bc7 Re8 37. Bxb8 Rxb8 38. Rxc6 Nxb7 39. Rb6 d4 40. Bf3 1-0

[Event "54. Miedzynarodowy Festiwal Szachowy im. Akiby Rubinsteina<br/>OPEN A "]
[Site "Polanica-Zdroj"]
[Date "1899-12-30"]
[Round "9.22"]
[White "Golecki, Jan"]
[Black "Litner, Igor"]
[Result "1/2-1/2"]
[WhiteTitle "I++"]
[BlackTitle "I++"]
[WhiteElo "1943"]
[BlackElo "1990"]

1. e4 d6 2. d4 Nf6 3. Nc3 e5 4. dxe5 dxe5 5. Qxd8+ Kxd8 6. Nf3 Bd6 7. Bc4 Ke7 8.
Bg5 Be6 9. Bxe6 Kxe6 10. Bxf6 gxf6 11. O-O-O f5 12. Nb5 f4 13. Nh4 Na6 14. Nxd6
cxd6 15. g3 fxg3 16. hxg3 Nc7 17. Nf5 Rad8 18. Rh6+ f6 19. Ne3 Rd7 20. Rdh1 Rf7
21. g4 Kd7 22. Rd1 Kc6 23. Nf5 Rd8 24. g5 Ne8 25. Rg1 fxg5 26. Rxg5 Nf6 27. f3
Kc5 28. Rg7 Rdd7 29. Rxf7 Rxf7 30. b4+ Kc6 31. c4 Kd7 32. Kd2 Ke6 33. Ne3 Kd7
34. Nf5 Ke6 35. Ne3 Kd7 36. Ke2 Ng8 37. Rh1 Ne7 38. Nd5 Nc6 39. Ke3 a6 40. b5
Na5 41. bxa6 bxa6 42. Rc1 Nb7 43. Rb1 Nc5 44. Rb8 Rg7 45. Kf2 Rf7 46. Ke3 Rg7
47. Kf2 Rf7 48. Ke3 Rg7 1/2-1/2

[Event "54. Miedzynarodowy Festiwal Szachowy im. Akiby Rubinsteina<br/>OPEN A "]
[Site "Polanica-Zdroj"]
[Date "1899-12-30"]
[Round "9.23"]
[White "Turski, Bartlomiej"]
[Black "Mirski, Michal"]
[Result "1/2-1/2"]
[WhiteTitle "I"]
[BlackTitle "I"]
[WhiteElo "1830"]
[BlackElo "1981"]

1. e4 c5 2. Nf3 Nc6 3. d4 cxd4 4. Nxd4 Nf6 5. Nc3 d6 6. Be3 Ng4 7. Bb5 Nxe3 8.
fxe3 Bd7 9. O-O e6 10. Qf3 Ne5 11. Qf4 a6 12. Nf3 Bxb5 13. Nxe5 f6 14. Nd3 Bc6
15. Rad1 Qb6 16. Kh1 O-O-O 17. b4 Kb8 18. a4 Rc8 19. Rb1 Be8 20. Rb3 e5 21. Qf2
Bf7 22. Ra3 a5 23. Rb1 Be7 24. bxa5 Qxa5 25. Rb5 Rxc3 26. Rxa5 Rxa3 27. h3 Rc8
28. Qd2 Bd8 29. Rb5 Rxa4 30. Nb2 Ra1+ 31. Kh2 Be8 32. Rb3 Ra6 33. Qd5 Bc6 34.
Qd3 Kc7 35. Nc4 Be7 36. Na3 Ra5 37. Qc4 Rc5 38. Qf7 Kd8 39. Rb4 d5 40. Qg8+ Kd7
41. Qxg7 dxe4 42. Qxh7 Ke6 43. g4 Ra8 44. Nc4 b5 45. Qf5+ 1/2-1/2

[Event "54. Miedzynarodowy Festiwal Szachowy im. Akiby Rubinsteina<br/>OPEN A "]
[Site "Polanica-Zdroj"]
[Date "1899-12-30"]
[Round "9.25"]
[White "Dzikowski, Michal"]
[Black "Kejna, Piotr"]
[Result "1-0"]
[WhiteTitle "k"]
[BlackTitle "CM"]
[WhiteElo "2155"]
[BlackElo "1655"]

1. g3 Nf6 2. Bg2 d5 3. Nf3 c5 4. O-O Nc6 5. c4 e6 6. cxd5 exd5 7. d4 Bf5 8. Nc3
c4 9. Qa4 Bd7 10. Qd1 Bf5 11. Bg5 Be7 12. Ne5 O-O 13. Bxf6 Bxf6 14. Bxd5 Nxe5
15. dxe5 Bxe5 16. Bxc4 Bxc3 17. bxc3 Qc7 18. Bd5 Rad8 19. Qb3 b6 20. e4 Bh3 21.
Rfe1 Rfe8 22. a4 Rd6 23. Rad1 Rh6 24. Qb5 Rc8 25. c4 Qe7 26. e5 Rc5 27. Qb4 g6
28. a5 bxa5 29. Qb8+ Kg7 30. Qd6 Kf8 31. Rb1 Qxd6 32. exd6 g5 33. Rb7 Rxd5 34.
cxd5 Rxd6 35. Rb5 a4 36. Ra5 Bd7 37. f3 a6 38. Rc5 Kg7 39. Kf2 Kf6 40. Ke3 Rb6
41. Rc7 Rd6 42. Kd4 Be6 43. Re5 Bd7 44. f4 gxf4 45. gxf4 Bb5 46. Ree7 1-0

[Event "54. Miedzynarodowy Festiwal Szachowy im. Akiby Rubinsteina<br/>OPEN A "]
[Site "Polanica-Zdroj"]
[Date "1899-12-30"]
[Round "9.27"]
[White "Rogacewicz, Mikolaj"]
[Black "Klein, Gernot, Dr."]
[Result "1-0"]
[WhiteTitle "I+"]
[BlackTitle "m"]
[WhiteElo "2009"]
[BlackElo "1922"]

1. d4 d5 2. c4 e6 3. Nf3 c6 4. e3 Bd6 5. b3 f5 6. Bd3 Nf6 7. Bb2 O-O 8. Qc1 Qe7
9. Ba3 b6 10. O-O Bb7 11. Bxd6 Qxd6 12. Nc3 Ne4 13. Ne2 Nd7 14. Qb2 c5 15. Rfd1
Kh8 16. Ng3 Qe7 17. Rac1 a6 18. Ne5 Nxe5 19. dxe5 Nxg3 20. hxg3 Rfd8 21. Be2 g5
22. cxd5 Bxd5 23. f3 Bb7 24. Kf2 Rd7 1-0

[Event "54. Miedzynarodowy Festiwal Szachowy im. Akiby Rubinsteina<br/>OPEN A "]
[Site "Polanica-Zdroj"]
[Date "1899-12-30"]
[Round "9.28"]
[White "Chmiel, Piotr"]
[Black "Ochmann, Reimund"]
[Result "1-0"]
[WhiteTitle "I+"]
[BlackTitle ""]
[WhiteElo "1865"]
[BlackElo "2009"]

1. e4 e5 2. Nf3 Nc6 3. Bc4 Bc5 4. O-O d6 5. h3 Nf6 6. d3 Na5 7. Nbd2 Nxc4 8. Nxc4
Be6 9. Ne3 h6 10. c3 Bb6 11. d4 exd4 12. cxd4 Nxe4 13. d5 Bd7 14. Nc4 O-O 15.
Nxb6 axb6 16. Qd4 Ra4 17. b4 Nf6 18. Bb2 Re8 19. a3 c5 20. Qf4 Nxd5 21. Qxd6 Bb5
22. Qg3 f6 23. Rfd1 cxb4 24. Nd4 Bc4 25. Nf5 Qc7 26. Qg6 Kf8 27. Rac1 Nc3 28.
Bxc3 bxc3 29. Rxc3 Qf7 30. Qg3 Rea8 31. Re3 Be6 32. Rxe6 Qxe6 33. Qxg7+ Ke8 34.
Nd6+ Kd8 35. Nb5+ 1-0

[Event "54. Miedzynarodowy Festiwal Szachowy im. Akiby Rubinsteina<br/>OPEN A "]
[Site "Polanica-Zdroj"]
[Date "1899-12-30"]
[Round "9.29"]
[White "Rosicki, Marcin"]
[Black "Fraczek, Weronika"]
[Result "1-0"]
[WhiteTitle "I+"]
[BlackTitle "k+"]
[WhiteElo "2002"]
[BlackElo "1844"]

1. e4 e5 2. Bc4 Nc6 3. Nc3 Nf6 4. d3 Bc5 5. f4 d6 6. Nf3 Bg4 7. Na4 Bb6 8. Nxb6
axb6 9. a3 exf4 10. Bxf4 Ne5 11. Bxe5 dxe5 12. Bxf7+ Ke7 13. Bb3 Rf8 14. Qd2 Bxf3
15. gxf3 h6 16. O-O-O Qd6 17. f4 Nh5 18. f5 Nf4 19. Kb1 Rf6 20. Rhg1 g6 21. fxg6
Rxg6 22. Rxg6 Qxg6 23. Qc3 Qd6 24. Rg1 Rf8 25. Rg7+ Kd8 26. Ba4 Qc5 27. Qe1 Kc8
28. Bd7+ Kb8 29. Bf5 Rf6 30. Qb4 Qxb4 31. axb4 Ne6 32. Re7 Ng5 33. Rxe5 Nf3 34.
Re8+ Ka7 35. h3 Nd4 36. Re5 Nc6 37. Re6 Rxe6 38. Bxe6 Nxb4 39. Bd7 c5 40. Bb5
Kb8 41. c3 Nc6 42. Bxc6 bxc6 43. Kc2 Kc7 44. d4 Kd6 45. Kd3 b5 46. dxc5+ Kxc5
47. b4+ 1-0

[Event "54. Miedzynarodowy Festiwal Szachowy im. Akiby Rubinsteina<br/>OPEN A "]
[Site "Polanica-Zdroj"]
[Date "1899-12-30"]
[Round "9.30"]
[White "Jablonski, Miroslaw"]
[Black "Banaszkiewicz, Mikolaj"]
[Result "1/2-1/2"]
[WhiteTitle "I++"]
[BlackTitle "I"]
[WhiteElo "1915"]
[BlackElo "1984"]

1. d4 Nf6 2. Nf3 e6 3. e3 b6 4. Bd3 Bb7 5. Nbd2 d5 6. Ne5 Bd6 7. f4 Nbd7 8. Qf3
Qe7 9. O-O c5 10. c3 O-O 11. g4 g6 12. g5 Bxe5 13. fxe5 Nh5 14. Qg4 a5 15. Rf3
Ba6 16. Bxa6 Rxa6 17. Rh3 a4 18. Nf1 Rb8 19. a3 b5 20. Bd2 Nb6 21. Re1 Nc4 22.
Bc1 b4 23. Qh4 Qf8 24. cxb4 cxb4 25. Ng3 Qg7 26. Nxh5 gxh5 27. Qxh5 bxa3 28. bxa3
Rb3 29. Rf1 Nxa3 30. g6 hxg6 31. Qg5 Ra8 32. Bxa3 Rxa3 33. Qe7 Rb3 34. Rxf7 Qxf7
35. Rh8+ Kxh8 36. Qxf7 Rb6 37. Qf6+ Kh7 38. Qh4+ Kg8 39. Qf6 Rb1+ 40. Kg2 Rb2+
41. Kg3 Ra6 1/2-1/2

[Event "54. Miedzynarodowy Festiwal Szachowy im. Akiby Rubinsteina<br/>OPEN A "]
[Site "Polanica-Zdroj"]
[Date "1899-12-30"]
[Round "9.31"]
[White "Szylko, Waldemar"]
[Black "Witwicki, Pawel"]
[Result "1/2-1/2"]
[WhiteTitle "k+"]
[BlackTitle "I+"]
[WhiteElo "1956"]
[BlackElo "1854"]

1. e4 d6 2. Bc4 Nf6 3. d3 c5 4. Nc3 Nc6 5. a4 e6 6. Bg5 Be7 7. Nf3 a6 8. O-O O-O
9. Re1 Qc7 10. h3 Bd7 11. Qd2 Ne5 12. Nxe5 dxe5 13. Rf1 b5 14. axb5 axb5 15. Bxb5
Bxb5 16. Nxb5 Qb6 17. c4 Rfd8 18. Qc2 h6 19. Be3 Qb7 20. Ra3 Rxa3 21. bxa3 Qd7
22. f3 Qxd3 23. Qxd3 Rxd3 24. Kf2 Nd7 25. Rb1 Nb6 26. Ke2 Rd8 27. Rc1 Bg5 28.
Bxg5 hxg5 29. Rc3 Kf8 30. Rd3 Ra8 31. Rc3 Rd8 1/2-1/2

[Event "54. Miedzynarodowy Festiwal Szachowy im. Akiby Rubinsteina<br/>OPEN A "]
[Site "Polanica-Zdroj"]
[Date "1899-12-30"]
[Round "9.34"]
[White "Sacharewicz, Krzysztof"]
[Black "Zak, Pawel"]
[Result "1-0"]
[WhiteTitle "I++"]
[BlackTitle "I"]
[WhiteElo "1775"]
[BlackElo "1721"]

1. e4 c5 2. Nf3 d6 3. c3 Nf6 4. h3 Nc6 5. Bd3 g6 6. Bc2 Bg7 7. d4 cxd4 8. cxd4
O-O 9. Nc3 a6 10. d5 Na5 11. O-O b5 12. a4 b4 13. Ne2 Nb7 14. Be3 a5 15. Rc1 Nc5
16. Bxc5 dxc5 17. Bd3 Qb6 18. Qc2 Nd7 19. b3 Ba6 20. Bc4 Rac8 21. Ng3 Bc3 22.
Qd3 Bxc4 23. Qxc4 Qd6 24. Ne2 Bg7 25. Qb5 Ra8 26. Ng3 Rfb8 27. Qe2 e6 28. Rcd1
Re8 29. Qb5 Ne5 30. Nxe5 Bxe5 31. Ne2 Reb8 32. dxe6 Rxb5 33. Rxd6 Bxd6 34. axb5
fxe6 35. Rd1 Be7 36. Rd7 Kf7 37. b6 Rb8 38. Ra7 Rxb6 39. Rxa5 Rd6 40. Ra1 Rd2
41. Re1 Rb2 42. Nc1 Bf6 43. e5 Bg5 44. Nd3 Rc2 45. f4 Bh4 46. Rc1 Bf2+ 47. Kf1
Rxc1+ 48. Nxc1 Be3 49. Nd3 Ke7 50. Ke2 Bg1 51. Ne1 Bd4 52. Nf3 Bb2 53. Kd3 Bc1
54. g3 h6 55. Ng1 g5 56. Ne2 Bb2 57. Kc4 gxf4 58. gxf4 Kf7 59. Kxc5 Ba3 60. Kd6
Bb2 61. Kd7 Bc3 62. f5 exf5 63. e6+ 1-0

[Event "54. Miedzynarodowy Festiwal Szachowy im. Akiby Rubinsteina<br/>OPEN A "]
[Site "Polanica-Zdroj"]
[Date "1899-12-30"]
[Round "9.35"]
[White "Skiba, Aleksandra"]
[Black "Galant, Ireneusz"]
[Result "1-0"]
[WhiteTitle "I+"]
[BlackTitle "I"]
[WhiteElo "1625"]
[BlackElo "1768"]

1. d4 d5 2. c4 dxc4 3. Nc3 c6 4. a4 a6 5. e4 b5 6. axb5 cxb5 7. Nxb5 axb5 8. Rxa8
Bb7 9. Ra1 Bxe4 10. Nf3 e6 11. Be2 Bb4+ 12. Bd2 Bxd2+ 13. Qxd2 Ne7 14. O-O O-O
15. Qb4 Nd5 16. Qxb5 Nf4 17. Rfe1 Bd5 18. Ra3 Qf6 19. Bxc4 Qg6 20. Nh4 Qg4 21.
Bxd5 Nxd5 22. g3 g5 23. Ng2 Qxd4 24. Ne3 Qe4 25. Rea1 Nc7 26. Qxg5+ Qg6 27. Qe5
Nba6 28. Rxa6 Nxa6 29. Rxa6 Qb1+ 30. Kg2 h6 31. Ra4 Kh7 32. Qe4+ Qxe4+ 33. Rxe4
Rb8 34. b4 Kg6 35. Kf3 Rb6 36. Nc4 Rb5 37. Ne5+ Kf6 38. Nd3 Rh5 39. h4 Rd5 40.
Ke3 Ke7 41. Rc4 f5 42. Rc7+ Kf6 43. Rc5 Rd8 44. b5 Rb8 45. Ne5 Ra8 46. b6 Ra3+
47. Nd3 Rb3 48. Rc6 h5 49. Kd4 Rb1 50. Nc5 Rd1+ 51. Ke3 Kf7 52. b7 1-0

[Event "54. Miedzynarodowy Festiwal Szachowy im. Akiby Rubinsteina<br/>OPEN A "]
[Site "Polanica-Zdroj"]
[Date "1899-12-30"]
[Round "9.36"]
[White "Dryja, Szymon"]
[Black "Trusz, Julia"]
[Result "1/2-1/2"]
[WhiteTitle "I++"]
[BlackTitle "I+"]
[WhiteElo "1878"]
[BlackElo "1684"]

1. Nf3 d5 2. b3 c5 3. Bb2 f6 4. e3 e5 5. d4 cxd4 6. exd4 e4 7. Nfd2 Nh6 8. c4 Be6
9. Nc3 Bb4 10. cxd5 Bxc3 11. Bxc3 Qxd5 12. Bc4 Qf5 13. O-O O-O 14. Re1 Bxc4 15.
bxc4 Rd8 16. Qb1 b6 17. Nxe4 Qd7 18. d5 Ng4 19. h3 Ne5 20. Ng5 fxg5 21. Bxe5 Na6
22. Bd4 Rac8 23. Qb3 Nc5 24. Bxc5 Rxc5 25. Kf1 Rdc8 26. Re4 b5 27. Rae1 bxc4 28.
Qc3 Qxd5 29. Kg1 Qd3 30. Qb2 R5c7 31. Qb5 h6 32. Qf5 Qd7 33. Qg6 Rf8 34. Re7 Qxe7
35. Rxe7 Rxe7 36. Qc6 Re1+ 37. Kh2 Rxf2 38. Qxc4+ Kh7 39. Qd3+ Kg8 40. Qd8+ Kh7
41. Qd3+ Kg8 42. Qd8+ Kh7 1/2-1/2

[Event "54. Miedzynarodowy Festiwal Szachowy im. Akiby Rubinsteina<br/>OPEN A "]
[Site "Polanica-Zdroj"]
[Date "1899-12-30"]
[Round "9.37"]
[White "Gospodarczyk, Wojciech"]
[Black "Jedynak, January"]
[Result "1-0"]
[WhiteTitle "II"]
[BlackTitle "I+"]
[WhiteElo "1523"]
[BlackElo "1827"]

1. d4 d5 2. c4 c6 3. Nc3 e6 4. Nf3 Nf6 5. g3 Nbd7 6. Bg2 dxc4 7. a4 c5 8. O-O Be7
9. a5 O-O 10. e3 Nd5 11. Qe2 cxd4 12. exd4 N7f6 13. Qxc4 Bd7 14. Ne5 Rc8 15. Qb3
Bc6 16. Nxc6 bxc6 17. Qd1 Rb8 18. Qe2 Bb4 19. Nxd5 cxd5 20. Bd2 Qd6 21. Bf4 Qc6
22. Bxb8 Rxb8 23. Rfc1 Qb7 24. Rc2 h6 25. a6 Qb6 26. Qd3 Ne8 27. Rac1 Nd6 28.
Rc7 Nc4 29. Rb7 Rxb7 30. axb7 Qxb7 31. Qxc4 1-0

[Event "54. Miedzynarodowy Festiwal Szachowy im. Akiby Rubinsteina<br/>OPEN A "]
[Site "Polanica-Zdroj"]
[Date "1899-12-30"]
[Round "9.38"]
[White "Lukasik, Zuzanna"]
[Black "Antoniewicz, Jakub"]
[Result "0-1"]
[WhiteTitle "I++"]
[BlackTitle "II+"]
[WhiteElo "1517"]
[BlackElo "1769"]

1. e4 g6 2. d4 d6 3. Nc3 Bg7 4. Nf3 Nf6 5. Be2 O-O 6. O-O Nc6 7. h3 e5 8. d5 Ne7
9. Re1 Nh5 10. Be3 f5 11. exf5 Nxf5 12. Bg5 Nf6 13. Ne4 h6 14. Nxf6+ Bxf6 15.
Bxf6 Qxf6 16. Bd3 Nh4 17. Nxh4 Qxf2+ 18. Kh1 Qxh4 19. Rf1 Bd7 20. Qe1 Rxf1+ 21.
Bxf1 Qxe1 22. Rxe1 Rf8 23. Bd3 Kg7 24. Rf1 Bf5 25. Bxf5 Rxf5 26. Rd1 Rf2 27. Rc1
Rd2 28. Kg1 Rxd5 29. Kf2 Rd2+ 30. Kf3 d5 31. c4 d4 32. Ke4 Re2+ 33. Kd3 Rxg2 34.
Rb1 Rg3+ 35. Kd2 Rxh3 36. a4 e4 37. b3 Rh2+ 38. Kc1 Rh1+ 39. Kb2 Rxb1+ 40. Kxb1
a5 41. b4 axb4 42. a5 c5 43. Kc2 e3 44. Kd3 b3 45. Ke2 b2 46. Kd3 b1=Q+ 0-1

[Event "54. Miedzynarodowy Festiwal Szachowy im. Akiby Rubinsteina<br/>OPEN A "]
[Site "Polanica-Zdroj"]
[Date "1899-12-30"]
[Round "9.39"]
[White "Vanduyfhuys, Igor"]
[Black "Wieczorek, Mikolaj"]
[Result "0-1"]
[WhiteTitle "II+"]
[BlackTitle "I"]
[WhiteElo "1687"]
[BlackElo "1757"]

1. e4 c5 2. Nf3 Nc6 3. d4 cxd4 4. Nxd4 e5 5. Nb5 d6 6. N1c3 a6 7. Na3 b5 8. Nd5
Nce7 9. Bg5 h6 10. Bh4 Be6 11. c4 Qa5+ 12. Qd2 Qxd2+ 13. Kxd2 Bxd5 14. cxd5 Ng6
15. Bg3 Nf6 16. Bd3 Be7 17. Rac1 O-O 18. f3 Rac8 19. Nc2 Nd7 20. Nb4 Bg5+ 21.
f4 exf4 22. h4 Bf6 23. Bf2 Bxb2 24. Rxc8 Rxc8 25. Nxa6 Bc3+ 26. Ke2 Kf8 27. Rb1
b4 28. Nxb4 Nde5 29. a4 Bxb4 30. Rxb4 f3+ 31. Kd2 fxg2 32. Rb1 Nf4 33. Ba6 Ra8
34. Bb5 Nh3 35. Ke2 Rc8 36. Bc6 Nxc6 37. dxc6 Rxc6 38. Kf3 Ra6 39. Kxg2 Nxf2 40.
Kxf2 Rxa4 41. Kf3 Ra6 42. Rb7 g6 43. Ke3 Kg7 44. Kd4 Kf6 45. Kd5 g5 46. hxg5+
hxg5 47. Rb2 g4 48. Rf2+ Kg6 49. Rf4 Ra5+ 50. Kxd6 Rg5 51. Ke7 g3 52. Rf6+ Kh5
53. Rf1 g2 54. Rg1 Kg6 55. Kf8 Kf6 56. Ke8 Ke5 57. Kxf7 Kxe4 58. Kf6 Rg4 59. Ke6
Kf3 60. Kf5 Rg8 0-1

[Event "54. Miedzynarodowy Festiwal Szachowy im. Akiby Rubinsteina<br/>OPEN A "]
[Site "Polanica-Zdroj"]
[Date "1899-12-30"]
[Round "9.41"]
[White "Kruczynski, Marek"]
[Black "Derylo, Kamil"]
[Result "0-1"]
[WhiteTitle "I"]
[BlackTitle "I"]
[WhiteElo "1786"]
[BlackElo "1833"]

1. e4 e6 2. d4 d5 3. Bd3 dxe4 4. Bxe4 Nf6 5. Bf3 c5 6. Ne2 cxd4 7. Qxd4 Nbd7 8.
O-O Bc5 9. Qa4 O-O 10. b4 Bd6 11. Bb2 Ne5 12. Nd2 Qe7 13. a3 Rd8 14. Rfd1 Nxf3+
15. Nxf3 Bd7 16. Qb3 e5 17. Rxd6 Qxd6 18. Bxe5 Qa6 19. c4 Rac8 20. b5 Qe6 21.
Rc1 Ne4 22. Nf4 Qf5 23. Nd5 Re8 24. Bd4 Qxd5 25. Qb2 Rxc4 26. Rxc4 Qxc4 27. Bxg7
Bxb5 28. h3 Bc6 29. Ne5 Qe6 30. Ng4 h5 31. Bh8 f6 32. Nxf6+ Nxf6 33. Bxf6 Bd5
34. Kh2 Qe4 35. f3 Qf4+ 36. g3 Qxf3 0-1